| 000 | 01311nam0a2200301 4500 | ||
|---|---|---|---|
| 001 | RU\NLR\bibl\589508 | ||
| 005 | 20250610141044.0 | ||
| 010 |
_a5-276-00551-6 _9100 |
||
| 021 |
_aRU _b2004-67971 _93351 |
||
| 035 | _a(NLR Aleph) 000581481 | ||
| 090 |
_a1655544 _c1655544 |
||
| 100 | _a20041224d2004 |||y0rusy50 ca | ||
| 101 | 0 | _arus | |
| 102 | _aRU | ||
| 105 | _aa ||||||||| | ||
| 200 | 1 |
_aТехника горнолыжного спорта _eУчеб-метод. пособие _eДля тренеров и занимающихся горнолыж. спортом _fТ.А. Бабинина _gМ-во образования Рос. Федерации, Моск. гос. индустр. ун-т |
|
| 210 |
_aМ. _cМГИУ _d2004 |
||
| 215 |
_a68 с. _cил. _d21 |
||
| 320 | _aБиблиогр.: с. 68 (18 назв.) | ||
| 606 | 0 |
_aГорнолыжный спорт _jМетодические пособия _xТехника _91456881 _3RU\NLR\auth\66308061 |
|
| 606 | 0 |
_aГорнолыжный спорт _jУчебно-методические пособия _xТехника _91456881 _3RU\NLR\auth\66308061 |
|
| 686 | _aЧ517.195.611я7 | ||
| 700 | 1 |
_aБабинина _bТ. А. _4070 |
|
| 801 | 0 |
_aRU _bNLR _c20041224 _gPSBO |
|
| 801 | 1 |
_aRU _bNLR _c20041224 |
|
| 942 | _cBOOK | ||
| 980 | _aNB | ||